Leis penais especiais : (Record no. 1174)

MARC details
000 -LÍDER
Campo Fixo de Controle 01243nam a2200313 a 4500
001 - NÚMERO DE CONTROLE
Campo de Controle 1174
003 - IDENTIFICAÇÃO DO NÚMERO DE CONTROLE
Campo de Controle BR-CuiBMT
005 - DATA E HORA DA ÚLTIMA ATUALIZAÇÃO
Campo de Controle 20231130192056.0
008 - DADOS FIXOS
Dados Fixos 231121s2015 baba 000 0 por d
020 ## - INTERNATIONAL STANDARD BOOK NUMBER
Nº do ISBN 8544202616
040 ## - AGÊNCIA CATALOGADORA
Código da Agência Catalogadora BR-CuiBMT
Agência que transcreveu o registro BR-CuiBMT
080 ## - Nº DA CLASSIFICAÇÃO DECIMAL UNIVERSAL
Nº edição CDU 2007
Nº Class. CDU 343.2
Subd. Auxiliar Comum (094.9)
-- (079.1)
090 ## - NÚMERO DE CHAMADA
Nº classificação 343.2(094.9)(079.1)
Cutter H116l
Ano/Edição 6. ed.
100 1# - ENTRADA PRINCIPAL -- AUTOR PESSOAL
Nome pessoal Habib, Gabriel
245 10 - TÍTULO PRINCIPAL
Título principal Leis penais especiais :
Subtítulo Tomo II/
Indicação de responsabilidade Gabriel Habib.
250 ## - EDIÇÃO
Edição 6. ed.,rev. ampl. e atual.
260 ## - PUBLICAÇÃO, DISTRIBUIÇÃO, ETC.
Local de publicação Salvador :
Editora Juspodivm,
Data 2015.
300 ## - DESCRIÇÃO FÍSICA
N. páginas ou volumes 252 p. ;
Dimensões 21 cm
Ilustrações il.
490 1# - INDICAÇÃO DE SÉRIE
Título da série Coleção leis especiais para concursos ;
Volume/designação sequencial da série v. 12
500 ## - NOTAS GERAIS
Notas gerais Dicas para realização de provas com questões de concursos e jurisprudência do STF e STJ inseridas artigo por artigo.
500 ## - NOTAS GERAIS
Notas gerais Atualizado de acordo com os informativos e acórdãos do STF/STJ de 2013 e 2014.
504 ## - NOTA DE BIBLIOGRAFIA, ETC.
Nota de bibliografia Inclui bibliografia.
650 ## - ASSUNTO TÓPICO
Cabeçalho tópico ou nome geográfico Direito penal
Subdivisão geral Legislação
-- Questões de concursos
Subdivisão geográfica Brasil
650 ## - ASSUNTO TÓPICO
Cabeçalho tópico ou nome geográfico Direito penal
Subdivisão geral Lei de crime hediondo
Subdivisão geográfica Brasil
650 ## - ASSUNTO TÓPICO
Cabeçalho tópico ou nome geográfico Direito penal
Subdivisão geral Lei do Estatuto do desarmamento
Subdivisão geográfica Brasil
650 ## - ASSUNTO TÓPICO
Cabeçalho tópico ou nome geográfico Direito penal
Subdivisão geral Lei de crimes de tortura
Subdivisão geográfica Brasil
830 #0 - ENTRADA SECUNDÁRIA DE SÉRIE -- TÍTULO UNIFORME
Título uniforme Leis especiais para concursos ;
Nº do volume/designação sequencial da série 12
942 ## - ELEMENTOS DE ENTRADA ADICIONAIS (KOHA)
Fonte de classificação ou esquema de arquivamento Classificação Decimal Universal
Tipo de item do Koha Livros
Holdings
Estado: removido Estado: perdido Fonte de classificação ou esquema de arquivamento Estado: danificado Indisponível para empréstimo Localização permanente Localização atual Data de aquisição Total Checkouts Número de Chamada completo Código de barras Date last seen Número do exemplar Preço efetivo a partir de Tipo de item (Koha)
    Classificação Decimal Universal     Biblioteca da Escola Superior de Contas do TCE/MT Biblioteca da Escola Superior de Contas do TCE/MT 30/11/2023   343.2(094.9)(079.1) H116l BIBTCEMT23111395 30/11/2023 Ex. 1 30/11/2023 Livros

Powered by Koha